000 00835nam a2200253Ia 4500
003 OSt
005 20220923223410.0
006 a|||||r|||| 00| 0
007 ta
008 220922b |||||||| |||| 00| 0 hin d
024 _a214,809
037 _cTextual
040 _aARTS
_cARTS
_bhin
041 _2hin
_ahin
082 _aO152,3N104:g, L9
100 _aशम्भू सिंह
245 0 _aरांगेय राघव और ऑंचलिक उपन्यास
246 _aRāangeya rāghav aur ऑanchalik upanyāsa
260 _aअजमेर
_b सुशील प्रका0
_c1979
300 _a120 पृ.
_ccm.
650 _aहिन्दी साहित्य
_9156264
942 _hO152,3N104:g, L9
_cTEXL
_2CC
999 _c364723
_d364723